Normal view
MARC view
- Law, Constitutional of The United States of America
Entry Topical Term
001 - CONTROL NUMBER
- control field: 126250
003 - CONTROL NUMBER IDENTIFIER
- control field: NUST
005 - DATE AND TIME OF LATEST TRANSACTION
- control field: 20241007124858.0
008 - FIXED-LENGTH DATA ELEMENTS
- fixed length control field: 241007|| aca||aabn | a|a d
040 ## - CATALOGING SOURCE
- Original cataloging agency: NUST
- Transcribing agency: NUST
150 ## - HEADING--TOPICAL TERM
- Topical term or geographic name entry element: Law, Constitutional of The United States of America
670 ## - SOURCE DATA FOUND
- Source citation: Work cat.: (NUST): Malik, M.A., Outlines of The Constitutional of The United States of America /, 2023.
